000 00438nam a2200181 a 4500
001 4174
003 CO-ViMGA
008 141112s2004 ck r 000 u spa d
040 _aCO-ViMGA
_bspa
_cCO-ViMGA
082 0 4 _a628.445 H173
100 1 _aHare, Tony
245 1 0 _aLos residuos tóxicos
260 _aMadrid :
_bS.M,
_c1991
300 _a332 p : il
490 _aTierra viva
650 1 4 _aRESIDUOS TOXICOS
_954661
942 _2ddc
_cBK
999 _c16190
_d16190